| 000 | 00719cas a2200229 4500 | ||
|---|---|---|---|
| 001 | L158401 | ||
| 008 | 150202n2009 eng u | ||
| 035 | _a(Sirsi) u158401 | ||
| 041 | 0 | _aeng | |
| 110 | 2 |
_aKnight Frank _91530 |
|
| 245 | 0 | 0 |
_aGlobal House Price Index _h[electronic resource] |
| 260 | _c2009 | ||
| 490 | 0 | _aGlobal House Price Index | |
| 520 | _aTracks the performance of mainstream national housing markets around the world. | ||
| 554 | _aQuarterly | ||
| 650 | 2 | 4 | _aMAINSTREAM |
| 650 | 2 | 4 | _aHOUSE PRICES |
| 651 | 4 | _aInternational | |
| 690 |
_aResidential property _96266 |
||
| 856 | 4 | 8 |
_uhttps://www.knightfrank.com/research/ _zView the item free of charge at www.knightfrank.com |
| 942 | _n0 | ||
| 999 |
_c119406 _d119406 |
||